Normal view
MARC view
Entry Personal Name
001 - CONTROL NUMBER
- control field: 5972
003 - CONTROL NUMBER IDENTIFIER
- control field: ARRUPE
005 - DATE AND TIME OF LATEST TRANSACTION
- control field: 20131219130704.0
008 - FIXED-LENGTH DATA ELEMENTS
- fixed length control field: 131219|| aca||aabn | a|a d
040 ## - CATALOGING SOURCE
- Original cataloging agency: ARRUPE
- Transcribing agency: ARRUPE
100 ## - HEADING--PERSONAL NAME
- Personal name: Warner, Philip.
670 ## - SOURCE DATA FOUND
- Source citation: Work cat.: (ARRUPE)0: Warner, Philip., Auchinleck, the lonely soldier /, 1981.